000 00614cab a2200193 4500
001 WB2904-21
008 090401t1993 xxu||||| |||| 00| 0 eng d
035 _a(Sirsi) u38338
041 _aeng
245 _aSmall offices big business
260 _c1993
350 _a0
490 _aDaily Express
_v25 January 1993, 31(1)
520 _aThe growing demand for small serviced offices indicates that many small businesses are battling though the recession as they can keep overheads to a minimum.
650 _aSERVICED OFFICES
690 _aPROPERTY-COMMERCIAL PROPERTY
942 _n0
948 _c04/03/1997
999 _c24635
_d24635